Band Quiz:Drummers - Statistics

General Stats
  • This quiz has been taken 42 times
  • The average score is 13 of 30
Answer Stats
Hint Answer % Correct
Ringo Starr The Beatles
98%
John Bonham Led Zeppelin
95%
Dave Grohl Nirvana
93%
Lars Ulrich Metallica
88%
Keith Moon The Who
83%
Roger Taylor Queen
80%
Tommy Ramone The Ramones
80%
Chad Smith Red Hot Chili Peppers
78%
Stewart Copeland The Police
76%
Charlie Watts The Rolling Stones
71%
Neil Peart Rush
68%
Ginger Baker Cream
56%
Bill Ward Black Sabbath
51%
Mitch Mitchell The Jimi Hendrix Experience
44%
Travis Barker Blink-182
41%
Ian Paice Deep Purple
41%
Jeff Porcaro Toto
29%
Max Weinberg E Street Band
22%
Ahmir "Questlove" Thompson The Roots
20%
Moe Tucker The Velvet Underground
20%
Danny Carey Tool
20%
Dave Lombardo Slayer
17%
Bill Bruford King Crimson
15%
Jay Weinberg Slipknot
10%
Steve Smith Journey
7%
Carter Beauford Dave Matthews Band
5%
Andy Hurley Fall Out Boy
5%
Jose Pasillas Incubus
2%
Glen Power The Script
2%
Michael Thomas Bullet for My Valentine
0%
No matching quizzes found
Score Distribution
Percent of People with Each Score
Percentile by Number Answered
Your Score History
You have not taken this quiz